| 000 | 00551nam a2200181Ia 4500 | ||
|---|---|---|---|
| 008 | 090124s9999 xx 000 0 und d | ||
| 082 | _b114358 | ||
| 100 | _aढसाळे नामदेव लक्ष्मण | ||
| 245 | _a गोल पिठा | ||
| 250 | _a1 | ||
| 260 | _c1972 | ||
| 300 | _a88 | ||
| 600 | _aढसाळे नामदेव लक्ष्मण | ||
| 630 | _a गोल पिठा | ||
| 700 | _aढसाळे नामदेव लक्ष्मण | ||
| 730 | _a गोल पिठा | ||
| 942 | _cBOOK | ||
| 999 |
_c160449 _d160449 |
||